Представление документа в формате MARC21

Поле Инд. ПП Название Значение
Тип записи a
Библиографический уровень a
001 Контрольный номер ac4d760fcc6c417d815d604a7061693c
005 Дата корректировки 20160617112136.5
020 a ISBN 5-9270-0072-X
040 a Служба первич. каталог. НБ ТвГУ
b Код языка каталог. rus
e Правила каталог. PSBO
041 0_ a Код языка текста rus
097 b Оператор novikova
100 1_ a Автор Павлова Наталия Дмитриевна
q Полное имя Павлова Н. Д.
245 10 a Заглавие Подходы к анализу интерактивного аспекта дискурса
260 a Место издания Москва
b Издательство Ин-т психологии РАН
440 _0 a Серия Труды Института психологии РАН
504 a Библиография Библиогр.: с. 26-27 (26 назв.)
520 0_ a Аннотация Осуществленное исследование позволяет продвинуться в разработке интенциональной модели речевого взаимодействия.
653 0_ a Ключевые слова Дискурс
a Ключевые слова Стереотипы вербального взаимодействия
a Ключевые слова Интенциональные основания речевого поведения
a Ключевые слова Дискурс-анализ
a Ключевые слова Речевое взаимодействие
773 18 w Контрольный № источника de7859e2-a781-11da-b02a-008048b56a28
t Название источника Проблемы психологии дискурса
d Место и дата издания Москва : Ин-т психологии РАН, 2005
g Прочая информация С. 9-27
901 t Тип документа a
920 a Оператор Нови